Aircraft cockpit (Record no. 293901)
[ view plain ]
| 000 -LEADER | |
|---|---|
| fixed length control field | 00235 a2200109 4500 |
| 001 - CONTROL NUMBER | |
| control field | 58828 |
| 082 ## - DEWEY DECIMAL CLASSIFICATION NUMBER | |
| Classification number | 629.13309COO |
| 090 ## - LOCALLY ASSIGNED LC-TYPE CALL NUMBER (OCLC); LOCAL CALL NUMBER (RLIN) | |
| -- | 36131 |
| -- | 36131 |
| 100 ## - MAIN ENTRY--PERSONAL NAME | |
| Personal name | Combs, LFE |
| 245 ## - TITLE STATEMENT | |
| Title | Aircraft cockpit |
| 260 ## - PUBLICATION, DISTRIBUTION, ETC. | |
| Place of publication, distribution, etc. | UK |
| Name of publisher, distributor, etc. | Stephen |
| Date of publication, distribution, etc. | 1990 |
| 942 ## - ADDED ENTRY ELEMENTS (KOHA) | |
| Institution code [OBSOLETE] | NUST-CAE |
| Call number prefix | 629.13309COO |
| Withdrawn status | Lost status | Damaged status | Not for loan | Collection code | Permanent Location | Current Location | Date acquired | Total Checkouts | Full call number | Barcode | Date last seen | Price effective from | Koha item type |
|---|---|---|---|---|---|---|---|---|---|---|---|---|---|
| College of Aeronautical Engineering (CAE) | College of Aeronautical Engineering (CAE) | 04/03/2017 | 629.13309COO | CAE65680 | 04/05/2017 | 04/05/2017 | Book |
